FIFA 19 Top 20 Rated Players - Statistics

General Stats
  • This quiz has been taken 142 times
  • The average score is 15 of 20
Answer Stats
Rating Player % Correct
94 Cristiano Ronaldo
100%
94 Lionel Messi
100%
92 Neymar Jr
98%
91 Luis Suárez
86%
91 David de Gea
83%
90 Manuel Neuer
83%
91 Kevin de Bruyne
82%
91 Eden Hazard
81%
91 Luka Modrić
81%
91 Sergio Ramos
79%
90 Robert Lewandowski
75%
89 Sergio Agüero
75%
90 Toni Kroos
75%
90 Thibaut Courtois
73%
90 Jan Oblak
67%
89 Antoine Griezmann
65%
89 Harry Kane
63%
89 N'Golo Kanté
58%
90 Diego Godín
46%
89 Giorgio Chiellini
46%
No matching quizzes found
Score Distribution
Percent of People with Each Score
Percentile by Number Answered
Your Score History
You have not taken this quiz